| 000 | 00797nam a22002297a 4500 | ||
|---|---|---|---|
| 005 | 20240530110437.0 | ||
| 008 | 150329s2011 su g b 000 0 ara d | ||
| 017 |
_a1432/2317 _bالسعودية . مكتبة الملك فهد |
||
| 020 | _a9786035031264 | ||
| 040 | _aEG-CaGPL | ||
| 082 | 0 | 4 |
_221 _a219\ _bع ت |
| 100 | 0 | _aعبدالكريم البكار | |
| 245 | 1 | 0 |
_aتجديد الخطاب الاسلامى / _cتاليف عبدالكريم البكار |
| 250 | _aط2 | ||
| 260 |
_aالرياض : _bمكتبة العبيكان ، _c2011 |
||
| 300 |
_a267 ص ؛ _c24 سم |
||
| 504 | _aببليوجرافية : ص 235 -237 | ||
| 650 | 0 | 4 | _aالخطب الدينية |
| 650 | 0 | 4 | _aالثقافة الاسلامية |
| 942 |
_2ddc _cBK |
||
| 999 |
_c60983 _d60983 |
||